Least developed countries - characteristics

Charakteristika najmenej rozvinutých krajín. Dlhodobo ich hlavným cieľom je zabezpečiť mier a bezpečnosť, upevniť celkovú správu, ako aj rekonštruovať a rehabilitovať vlastnú ekonomiku.

Gespeichert in:
Bibliographische Detailangaben
1. Verfasser: Jeníček, Vladimír
Weitere Verfasser: Grófová, Šárka
Format: Buchkapitel
Sprache:Englisch
Schlagworte:
Tags: Tag hinzufügen
Keine Tags, Fügen Sie das erste Tag hinzu!

MARC

LEADER 00000naa a2200000 4500
001 0185479
005 20231211071405.5
041 0 |a eng 
044 |a CZ 
245 1 0 |a Least developed countries - characteristics  |c Vladimír Jeníček, Šárka Grófová 
520 |a Charakteristika najmenej rozvinutých krajín. Dlhodobo ich hlavným cieľom je zabezpečiť mier a bezpečnosť, upevniť celkovú správu, ako aj rekonštruovať a rehabilitovať vlastnú ekonomiku. 
610 2 0 |a štát 
610 2 0 |a chudoba 
610 2 0 |a konflikty 
610 2 0 |a rast hospodársky 
610 2 0 |a bezpečnosť potravinová 
100 1 |a Jeníček, Vladimír 
700 1 |a Grófová, Šárka